Access controlhandbook 2007/ 8 : a user's guide to best practice in access control.
| Format: | Book |
|---|---|
| Published: |
[S.l]:
Hi-Tech Security Solution,
2007.
|
| Subjects: |
| LEADER | 00518cam a2200145 7i4500 | ||
|---|---|---|---|
| 001 | 0000021490 | ||
| 005 | 20080730090000.0 | ||
| 022 | 0 | 0 | |a 1562-952X |
| 090 | 0 | 0 | |a B 658.47 |b ACC |
| 245 | 0 | 0 | |a Access controlhandbook 2007/ 8 : |b a user's guide to best practice in access control. |
| 260 | 0 | 0 | |a [S.l]: |b Hi-Tech Security Solution, |c 2007. |
| 300 | # | # | |a 108 p. |
| 650 | 0 | 0 | |a Business -- |x Access control -- |x Handbook, manual etc |
| 650 | 0 | 0 | |a Access control -- |x Handbook, manual etc |
| 999 | |a 0000021546 |b Book |c Book |e Business Information Centre | ||